German Presidents and Heads of State since 1867 - with Picture - Statistics

General Stats
  • This quiz has been taken 378 times
  • The average score is 11 of 26
Answer Stats
Picture Hint Answer % Correct
1934-1945
Adolf Hitler
Führer (und Reichskanzler)
Leader (Fuhrer) (and Imperial Chancellor)
NSDAP
Adolf Hitler
92%
1888-1918
Bismarck, Caprivi, Hohenlohe-Schillingsfürst, Bülow, Bethmann Hollweg, Michaelis, Hertling, Baden
Deutscher Kaiser
German Emperor
no party
Wilhelm II.
84%
1867-1888
Otto von Bismarck
Präsidium des Bundes/ Deutscher Kaiser
President of the Federation/ German Emperor
no party
Wilhelm I.
81%
1925-1934
Luther, Geßler, Marx, Müller, Brüning, Papen, Schleicher, Hitler
Reichspräsident
Imperial President
no party
Paul von Hindenburg
77%
2017-today
Merkel, Scholz
Bundespräsident
Federal President
Social Democratic Party of Germany
Frank-Walter Steinmeier
56%
1888
Otto von Bismarck
Deutscher Kaiser
German Emperor
no party
Friedrich III.
55%
1976-1989
Willi Stoph
Staatsratsvorsitzender
President of the State-Council
Socialist Unity Party of Germany
Erich Honecker
52%
1919-1925
Scheidemann, Bauer, Müller, Fehrenbach, Wirth, Cuno, Stresemann, Marx, Luther
Reichspräsident
Imperial President
Social Democratic Party of Germany
Friedrich Ebert
50%
1945
Goebbels, Krosigk
Reichspräsident und Leiter des OKW
Imperial President and Head of the OKW
NSDAP
Karl Dönitz
49%
2012-2017
Angela Merkel
Bundespräsident
Federal President
no party
Joachim Gauck
46%
2010-2012
Angela Merkel
Bundespräsident
Federal President
Christian Democratic Union of Germany
Christian Wulff
40%
1960-1973
Grotewohl, Stoph
Staatsratsvorsitzender
President of the State-Council
Socialist Unity Party of Germany
Walter Ulbricht
39%
1949-1959
Konrad Adenauer
Bundespräsident
Federal President
Free Democratic Party
Theodor Heuss
38%
1999-2004
Gerhard Schröder
Bundespräsident
Federal President
Social Democratic Party of Germany
Johannes Rau
37%
1984-1994
Helmut Kohl
Bundespräsident
Federal President
Christian Democratic Union of Germany
Richard von Weizsäcker
36%
2004-2010
Schröder, Merkel
Bundespräsident
Federal President
Christian Democratic Union of Germany
Horst Köhler
35%
1974-1979
Helmut Schmidt
Bundespräsident
Federal President
Free Democratic Party
Walter Scheel
33%
1994-1998
Kohl, Schröder
Bundespräsident
Federal President
Christian Democratic Union of Germany
Roman Herzog
29%
1989
Stoph, Modrow
Staatsratsvorsitzender
President of the State-Council
Socialist Unity Party of Germany
Egon Krenz
28%
1979-1984
Schmidt, Kohl
Bundespräsident
Federal President
Christian Democratic Union of Germany
Karl Carstens
26%
1969-1974
Kiesinger, Brandt, Scheel, Schmidt
Bundespräsident
Federal President
Social Democratic Party of Germany
Gustav Heinemann
25%
1959-1969
Adenauer, Erhard, Kiesinger
Bundespräsident
Federal President
Christian Democratic Union of Germany
Heinrich Lübke
24%
1949-1960
Otto Grotewohl
Präsident der DDR
President of the GDR
Socialist Unity Party of Germany
Wilhelm Pieck
20%
1973-1976
Horst Sindermann
Staatsratsvorsitzender
President of the State-Council
Socialist Unity Party of Germany
Willi Stoph
18%
1990
Lothar de Maizière
Präsidentin der Volkskammer
President of the People's Parliament
Christian Democratic Union of Germany
Sabine Bergmann-Pohl
13%
1989-1990
Hans Modrow
Staatsratsvorsitzender
President of the State-Council
Liberal Democratic Party of Germany (Bloc party)
Manfred Gerlach
11%
No matching quizzes found
Score Distribution
Percent of People with Each Score
Percentile by Number Answered
Your Score History
You have not taken this quiz